00490nam a2200181 a 450000100060000000300090000600800410001504000280005608200160008410000230010024500650012325000060018826000260019430000100022065000370023065000120026765000290027912606CO-ViMGA141112s2004 ck r 000 u spa d aCO-ViMGAbspacCO-ViMGA04a330.98 G17d1 aGarcia, Perez Alan10aEl desarme financiero : bPueblo y deuda en América Latina a1 aLima : bDesa, c1989 a157p.14aDEUDA EXTERNA - América LATINA14aENSAYOS14aGARCIA PEREZ ALAN - 1949